Microeconomics : theory and applications with calculus / Jeffrey M. Perloff, University of California, Berkeley. (Record no. 22403)

000 -LEADER
fixed length control field 00594nam a22001577a 4500
020 ## - INTERNATIONAL STANDARD BOOK NUMBER
ISBN 978-1-292-35913-7
082 ## - DEWEY DECIMAL CLASSIFICATION NUMBER
Classification number 338.5
Item number P451m 2020
100 ## - MAIN ENTRY--AUTHOR NAME
Personal name Perloff, Jeffrey M., author.
245 ## - TITLE STATEMENT
Title Microeconomics : theory and applications with calculus / Jeffrey M. Perloff, University of California, Berkeley.
250 ## - EDITION STATEMENT
Edition statement Fifth Edition.
260 ## - PUBLICATION, DISTRIBUTION, ETC. (IMPRINT)
Place of publication Hoboken, NJ :
Name of publisher Pearson Education Limited :
Year of publication 2020,
300 ## - PHYSICAL DESCRIPTION
Number of Pages 1 online resource, xxiii, 705 pages :
Other physical details illustrations (some color).
500 ## - GENERAL NOTE
General note Contains bibliographic references and index.
650 ## - SUBJECT ADDED ENTRY--TOPICAL TERM
Topical Term Microeconomics.
942 ## - ADDED ENTRY ELEMENTS (KOHA)
Koha item type Electronic Books
Holdings
Source of acquisition Permanent Location Date acquired Collection code Koha item type Lost status Shelving location Withdrawn status Current Location Full call number
DonationCagayan State University - Carig Library2026-04-14E-BooksElectronic Books E-Resource Section Cagayan State University - Carig Library338.5 P451m 2020

Cagayan State University University Library, Carig Campus
Tuguegarao City, Cagayan 3500 | www.csucarig.edu.ph

Powered by Koha